U.S. Presidents & Vice Presidents - Statistics

General Stats
  • This quiz has been taken 628 times
  • The average score is 79 of 97
Answer Stats
President/VP % Correct
George Washington
100%
Thomas Jefferson
99%
Thomas Jefferson
99%
John Adams
98%
John Adams
98%
John Quincy Adams
98%
Andrew Johnson
97%
Andrew Johnson
97%
Kamala Harris
97%
Bill Clinton
96%
George Clinton
96%
Lyndon B. Johnson
96%
Lyndon B. Johnson
96%
Richard M. Johnson
96%
Abraham Lincoln
95%
Andrew Jackson
93%
Franklin D. Roosevelt
93%
James Madison
93%
James Monroe
93%
Martin Van Buren
93%
Martin Van Buren
93%
Theodore Roosevelt
93%
Theodore Roosevelt
93%
Benjamin Harrison
92%
William Henry Harrison
92%
James K. Polk
91%
Joe Biden
91%
Joe Biden
91%
Richard Nixon
91%
Richard Nixon
91%
Barack Obama
90%
Donald Trump
90%
Donald Trump
90%
George H. W. Bush
90%
George H. W. Bush
90%
George W. Bush
90%
Harry S. Truman
90%
Harry S. Truman
90%
John Tyler
90%
John Tyler
90%
Ronald Reagan
90%
Ulysses S. Grant
90%
Woodrow Wilson
90%
Zachary Taylor
90%
Dwight D. Eisenhower
89%
Gerald Ford
89%
Gerald Ford
89%
Grover Cleveland
89%
Grover Cleveland
89%
Henry Wilson
89%
Herbert Hoover
89%
Jimmy Carter
89%
John F. Kennedy
89%
Millard Fillmore
89%
Millard Fillmore
89%
William Howard Taft
89%
James Buchanan
88%
Al Gore
87%
Calvin Coolidge
87%
Calvin Coolidge
87%
Franklin Pierce
87%
Mike Pence
87%
William McKinley
87%
JD Vance
86%
Dick Cheney
83%
James A. Garfield
83%
Rutherford B. Hayes
82%
Warren G. Harding
82%
Chester A. Arthur
81%
Chester A. Arthur
81%
Aaron Burr
78%
Walter Mondale
76%
Dan Quayle
74%
Spiro Agnew
73%
Nelson Rockefeller
70%
Hubert Humphrey
68%
Adlai Stevenson I
64%
Hannibal Hamlin
63%
John C. Calhoun
63%
William R. King
60%
John C. Breckinridge
58%
Elbridge Gerry
56%
George M. Dallas
55%
Henry A. Wallace
54%
Schuyler Colfax
54%
Daniel D. Tompkins
53%
John Nance Garner
53%
Charles W. Fairbanks
51%
James S. Sherman
51%
Alben W. Barkley
50%
Charles G. Dawes
50%
Thomas R. Marshall
50%
Charles Curtis
49%
William A. Wheeler
49%
Garret Hobart
47%
Levi P. Morton
47%
Thomas A. Hendricks
46%
No matching quizzes found
Score Distribution
Percent of People with Each Score
Percentile by Number Answered
Your Score History
You have not taken this quiz